MARC details
| 000 -LEADER |
| campo de control de longitud fija |
02672nam a2200385 i 4500 |
| 001 - NÚMERO DE CONTROL |
| campo de control |
181430 |
| 003 - IDENTIFICADOR DE NÚMERO DE CONTROL |
| campo de control |
ES-MaACL |
| 005 - FECHA Y HORA DE LA ÚLTIMA TRANSACCIÓN |
| campo de control |
20250808063549.0 |
| 008 - DATOS DE LONGITUD FIJA--INFORMACIÓN GENERAL |
| campo de control de longitud fija |
130116e2012 sp a |||| |dspa d |
| 017 ## - NÚMERO DE COPYRIGHT O DE DEPÓSITO LEGAL |
| Número de copyright o de depósito legal |
M 6945-2012 |
| Agencia que asigna |
Oficina Depósito Legal Madrid |
| 020 ## - NÚMERO INTERNACIONAL ESTÁNDAR DEL LIBRO |
| Número Internacional Estándar del Libro |
978-84-15272-25-0 |
| Información calificativa |
(Sociedad Estatal de Acción Cultural) |
| 020 ## - NÚMERO INTERNACIONAL ESTÁNDAR DEL LIBRO |
| Número Internacional Estándar del Libro |
978-84-936900-1-4 |
| Información calificativa |
(Ayuntamiento de Baeza) |
| 080 ## - NÚMERO DE LA CLASIFICACIÓN DECIMAL UNIVERSAL |
| Número de la Clasificación Decimal Universal |
929 Machado, Antonio (060.64) |
| 080 ## - NÚMERO DE LA CLASIFICACIÓN DECIMAL UNIVERSAL |
| Número de la Clasificación Decimal Universal |
94(4960.352 Baeza)"19"(060.64) |
| 245 00 - MENCIÓN DEL TÍTULO |
| Título |
Antonio Machado y Baeza, 1912-2012, cien años de un encuentro : |
| Resto del título |
sala de exposiciones, Ayuntamiento de Baeza, del 22 de febrero al 1 de noviembre de 2012 / |
| Mención de responsabilidad, etc. |
organizan [Centenario Antonio Machado y Baeza, 1912-2012] Ayuntamiento de Baeza, AC/E, Acción Cultural Española ; colaboran, Junta de Andalucía ... [et al. ; comisario, José Luis Chicharro Chamorro ; textos, Rafael Alarcón Sierra ... et al.] |
| 260 ## - PUBLICACIÓN, DISTRIBUCIÓN, ETC. |
| Lugar de publicación, distribución, etc. |
[Madrid] : |
| Nombre del editor, distribuidor, etc. |
Sociedad Estatal de Acción Cultural ; |
| Lugar de publicación, distribución, etc. |
[Baeza, Jaén] : |
| Nombre del editor, distribuidor, etc. |
Ayuntamiento de Baeza, |
| Fecha de publicación, distribución, etc. |
[2012] |
| 300 ## - DESCRIPCIÓN FÍSICA |
| Extensión |
251 páginas : |
| Otras características físicas |
ilustraciones (blanco y negro y color), mapa, planos ; |
| Dimensiones |
26 cm + |
| Material acompañante/anejo |
1 DVD-ROM |
| 504 ## - NOTA DE BIBLIOGRAFÍA, ETC. |
| Nota de bibliografía, etc. |
Referencias bibliográficas |
| 520 ## - RESUMEN, ETC. |
| Sumario, etc. |
El libro recorre, a través del análisis de expertos en una decena de artículos y casi dos centenares de piezas que estuvieron en la exposición -entre manuscritos, cartas, primeras ediciones, fotografías, retratos del poeta, acuarelas, diarios, revistas…- la trayectoria vital y literaria de Antonio Machado, así como la especial relación que mantuvo siempre con su tierra, Andalucía |
| 530 ## - NOTA DISPONIBLE DE FORMULARIO FÍSICO ADICIONAL |
| Nota de formato físico adicional disponible |
Disponible en formato digital |
| 600 14 - PUNTO DE ACCESO ADICIONAL DE MATERIA--NOMBRE DE PERSONA |
| Nombre de persona |
Machado, Antonio, |
| Fechas asociadas al nombre |
1875-1939- |
| Subdivisión de forma |
Exposiciones |
| 9 (RLIN) |
75155 |
| 651 #7 - PUNTO DE ACCESO ADICIONAL DE MATERIA--NOMBRE GEOGRÁFICO |
| Nombre geográfico |
Baza- |
| Subdivisión general |
Historia |
| 9 (RLIN) |
157691 |
| 655 #7 - TERMINO DE INDIZACIÓN--GENERO/FORMA |
| Datos o término principal de género/forma |
Catálogos de exposiciones |
| Fuente del término |
tgfbne |
| 9 (RLIN) |
193628 |
| 700 1# - ENTRADA AGREGADA--NOMBRE PERSONAL |
| Nombre de persona |
Chicharro Chamorro, José Luis |
| Término indicativo de función/relación |
Comisario |
| 9 (RLIN) |
152067 |
| 700 1# - ENTRADA AGREGADA--NOMBRE PERSONAL |
| Nombre de persona |
Alarcón Sierra, Rafael, |
| Fechas asociadas al nombre |
1968- |
| Término indicativo de función/relación |
Autor |
| 9 (RLIN) |
19145 |
| 710 1# - ENTRADA AGREGADA--NOMBRE DE ENTIDAD CORPORATIVA |
| Nombre de entidad corporativa o nombre de jurisdicción como elemento de entrada |
Baeza. |
| Unidad subordinada |
Ayuntamiento |
| Término indicativo de función/relación |
Sede |
| -- |
Editor |
| 9 (RLIN) |
2083 |
| 710 2# - ENTRADA AGREGADA--NOMBRE DE ENTIDAD CORPORATIVA |
| Nombre de entidad corporativa o nombre de jurisdicción como elemento de entrada |
Sociedad Estatal de Acción Cultural (España) |
| Término indicativo de función/relación |
Editor |
| 9 (RLIN) |
152069 |
| 852 4# - LOCALIZACIÓN |
| Ubicación |
ES-MaACL |
| Sublocalización o colección |
R.148671 |
| Ubicación en estantería |
Depósito 1 |
| Signatura antigua |
Olim: N-5525 |
| Donativo/Legado |
Donación Sociedad Estatal de Acción Cultural |
| Número de control de estantería |
A-12521 |
| itemnumber |
188330 |
| 852 4# - LOCALIZACIÓN |
| Ubicación |
ES-MaACL |
| Ubicación en estantería |
Depósito |
| Donativo/Legado |
Donación Sociedad Estatal de Acción Cultural |
| Número de control de estantería |
ROT 2/7/3 (DVD-ROM) |
| 856 4# - LOCALIZACIÓN Y ACCESO ELECTRÓNICOS |
| Identificador Uniforme de Recursos |
<a href="https://www.cervantesvirtual.com/nd/ark:/59851/bmc1158217">https://www.cervantesvirtual.com/nd/ark:/59851/bmc1158217</a> |
| Texto de enlace |
Versión en línea |
| Nota pública |
(Biblioteca Virtual Miguel de Cervantes) |
| 856 4# - LOCALIZACIÓN Y ACCESO ELECTRÓNICOS |
| Identificador Uniforme de Recursos |
<a href="https://www.accioncultural.es/es/antonio-machado-y-baeza-1912-2012-cien-anos-de-un-encuentro-ebook">https://www.accioncultural.es/es/antonio-machado-y-baeza-1912-2012-cien-anos-de-un-encuentro-ebook</a> |
| Texto de enlace |
Versión en línea |
| Nota pública |
(Acción Cultural Española) |
| 942 ## - ELEMENTOS DE ENTRADA SECUNDARIOS (KOHA) |
| Fuente del sistema de clasificación o colocación |
Clasificación decimal universal |
| Tipo de ítem Koha |
Libro impreso |
| Suprimir en OPAC |
No |